| 000 | 00492nam a2200109Ia 4500 | ||
|---|---|---|---|
| 008 | 220216s9999 xx 000 0 und d | ||
| 100 | _aDalimunthe Rusdan | ||
| 245 | 0 | _aEffect of styrene on mechanical stability time of natural rubber latex before modification | |
| 260 | _bNatural Rubber: Current Developments in Product Manufacture and Applications: Proceedings of the International Rubber Technology Conferencce, Kuala Lumpur, 1993; p454-462 | ||
| 650 | _aNatural rubber latex | ||
| 942 | _cJS | ||
| 999 |
_c58174 _d58174 |
||